[Event "Avoine op 26th"]
[Site "Avoine"]
[Date "2011.07.30"]
[Round "8"]
[White "Lebret, Jean Michel"]
[Black "Delinotte, Mathieu"]
[Result "1-0"]
[WhiteElo "2103"]
[BlackElo "1878"]
[PlyCount "113"]
[EventDate "2011.07.23"]
[EventType "swiss"]
[EventRounds "9"]
[EventCountry "FRA"]
[SourceTitle "EXT 2012"]
[Source "ChessBase"]
[SourceDate "2011.11.24"]
[SourceVersion "1"]
[SourceVersionDate "2011.11.24"]
[SourceQuality "1"]

1. e4 c5 2. Nc3 Nc6 3. g3 g6 4. Bg2 Bg7 5. d3 e6 6. Be3 Nd4 7. Qd2 d6 8. Nd1 b5 9. c3 Nc6 10. Ne2 h5 11. h4 Nh6 12. f4 Ng4 13. Bg1 Bb7 14. Ne3 b4 15. Nxg4 hxg4 16. d4 bxc3 17. bxc3 cxd4 18. cxd4 Qa5 19. Be3 Qxd2+ 20. Kxd2 Kd7 21. Rab1 Ba6 22. d5 exd5 23. e5 Ne7 24. exd6 Kxd6 25. Bd4 Bxd4 26. Nxd4 Rab8 27. Rhc1 Bc4 28. a3 Rhe8 29. Bf1 Rxb1 30. Rxb1 Bxf1 31. Rxf1 Rb8 32. f5 Rb2+ 33. Ke3 Ra2 34. fxg6 Rxa3+ 35. Kf4 Nxg6+ 36. Kg5 Kc5 37. Nf5 Ne5 38. h5 Ra6 39. Rc1+ Kb4 40. Nh4 d4 41. h6 d3 42. h7 f5 43. Rc7 d2 44. h8Q d1Q 45. Qxe5 Qd8+ 46. Qe7+ Qxe7+ 47. Rxe7 Kc5 48. Nxf5 Ra4 49. Nh6 Kd6 50. Re3 Rb4 51. Ra3 Rb5+ 52. Nf5+ Ke6 53. Ra6+ Ke5 54. Rxa7 Ke4 55. Kxg4 Rb1 56. Re7+ Kd5 57. Kg5 1-0

[Event "FRA-chT2 West 0809"]
[Site "France"]
[Date "2009.03.15"]
[Round "9.4"]
[White "Ballester, Alexandre"]
[Black "Delinotte, Mathieu"]
[Result "1-0"]
[WhiteElo "2127"]
[BlackElo "1904"]
[PlyCount "73"]
[EventDate "2008.10.19"]
[EventType "team-tourn"]
[EventRounds "11"]
[EventCountry "FRA"]
[SourceTitle "EXT 2010"]
[Source "ChessBase"]
[SourceDate "2010.11.25"]
[SourceVersion "1"]
[SourceVersionDate "2010.11.25"]
[SourceQuality "1"]
[WhiteTeam "Le Chesnay"]
[BlackTeam "Nantes II"]
[WhiteTeamCountry "FRA"]
[BlackTeamCountry "FRA"]

1. e4 c5 2. Nf3 Nc6 3. d4 cxd4 4. Nxd4 g6 5. Nc3 Bg7 6. Be3 Nf6 7. Bc4 0-0 8. 0-0 Ng4 9. Qxg4 Nxd4 10. Qd1 Ne6 11. f4 Qc7 12. Bb3 Bxc3 13. bxc3 Qxc3 14. Rf3 Qb4 15. f5 Ng7 16. Qd3 d6 17. Raf1 gxf5 18. exf5 e6 19. Rg3 Kh8 20. fxe6 Bxe6 21. Bd4 f6 22. Bxf6 Rxf6 23. Rxf6 Bxb3 24. cxb3 Re8 25. Rgf3 Qc5+ 26. Kh1 d5 27. h3 Nh5 28. Rf7 Re1+ 29. Rf1 Rxf1+ 30. Rxf1 d4 31. Rd1 Kg8 32. Qxd4 Qc2 33. Qg4+ Ng7 34. Rd8+ Kf7 35. Rd7+ Ke8 36. Rxg7 Qc1+ 37. Kh2 1-0

[Event "FRA-chT2 West 0809"]
[Site "France"]
[Date "2009.01.17"]
[Round "5.7"]
[White "Fayolle, Guy"]
[Black "Delinotte, Mathieu"]
[Result "1-0"]
[WhiteElo "1886"]
[BlackElo "1904"]
[PlyCount "73"]
[EventDate "2008.10.19"]
[EventType "team-tourn"]
[EventRounds "11"]
[EventCountry "FRA"]
[SourceTitle "EXT 2010"]
[Source "ChessBase"]
[SourceDate "2010.11.25"]
[SourceVersion "1"]
[SourceVersionDate "2010.11.25"]
[SourceQuality "1"]
[WhiteTeam "Saint Quentin"]
[BlackTeam "Nantes II"]
[WhiteTeamCountry "FRA"]
[BlackTeamCountry "FRA"]

1. e4 c5 2. Nf3 d6 3. d4 cxd4 4. Nxd4 Nf6 5. Nc3 a6 6. Bc4 e6 7. Bb3 Nbd7 8. Qe2 Nc5 9. 0-0 b5 10. a3 Bb7 11. f3 Be7 12. Ba2 Rc8 13. Bd2 Qb6 14. Be3 b4 15. axb4 Qxb4 16. Nb3 d5 17. exd5 Nxb3 18. Bxb3 exd5 19. Rfd1 0-0 20. Rd4 Qd6 21. Rad1 Qe6 22. Kh1 Rfe8 23. R4d3 Bb4 24. Qf2 Bxc3 25. bxc3 Bc6 26. Bd4 Nd7 27. Re3 Qf5 28. Rde1 Nf6 29. Re5 Qd7 30. h3 Bb5 31. Qg3 Rxe5 32. Rxe5 Qd6 33. Bxd5 Nh5 34. Qg5 Bd7 35. Qxh5 g6 36. Qh6 Rd8 37. Re8+ 1-0

[Event "Avoine op 23rd"]
[Site "Avoine"]
[Date "2008.07.26"]
[Round "8"]
[White "Pouzet, Nolwenn"]
[Black "Delinotte, Mathieu"]
[Result "1-0"]
[WhiteElo "2172"]
[BlackElo "1894"]
[PlyCount "103"]
[EventDate "2008.07.19"]
[EventType "swiss"]
[EventRounds "9"]
[EventCountry "FRA"]
[SourceTitle "CBM 125 Extra"]
[Source "ChessBase"]
[SourceDate "2008.09.01"]
[SourceVersion "1"]
[SourceVersionDate "2008.09.01"]
[SourceQuality "1"]

1. d4 d5 2. c4 c6 3. Nc3 Nf6 4. Nf3 e6 5. cxd5 cxd5 6. Bf4 Bd6 7. Bxd6 Qxd6 8. e3 0-0 9. Bd3 b6 10. 0-0 Ba6 11. Nb5 Bxb5 12. Bxb5 Qb4 13. Qe2 a6 14. Bd3 b5 15. Rac1 Nbd7 16. Rc6 Qa5 17. b3 Rfc8 18. Rfc1 Qd8 19. Bb1 Rxc6 20. Rxc6 Rc8 21. Qc2 Rxc6 22. Qxc6 Nb8 23. Qc2 g6 24. h4 Kg7 25. g3 Qd6 26. Ng5 Qc6 27. Qb2 Nbd7 28. Kf1 Nb6 29. Ke2 Nc8 30. Nf3 Nd6 31. Ne5 Qc7 32. f3 b4 33. Bd3 a5 34. Kd2 Nfe8 35. Qc2 Qxc2+ 36. Kxc2 Nc7 37. Nc6 Nb7 38. Kb2 f5 39. a3 bxa3+ 40. Kxa3 Kf6 41. Ka4 g5 42. Nxa5 Nd8 43. hxg5+ Kxg5 44. Kb4 Kf6 45. Kc5 e5 46. Kd6 e4 47. Be2 Nde6 48. f4 Kf7 49. Nc6 Ne8+ 50. Kxd5 Nf6+ 51. Ke5 Ng7 52. b4 1-0

[Event "Nantes op 3rd"]
[Site "Nantes"]
[Date "2004.12.28"]
[Round "3"]
[White "De Hargues, Remy"]
[Black "Delinotte, Mathieu"]
[Result "1/2-1/2"]
[WhiteElo "1530"]
[BlackElo "1890"]
[PlyCount "120"]
[EventDate "2004.12.27"]
[EventType "swiss"]
[EventRounds "7"]
[EventCountry "FRA"]
[SourceTitle "EXT 2006"]
[Source "ChessBase"]
[SourceDate "2005.11.24"]
[SourceVersion "1"]
[SourceVersionDate "2005.11.24"]
[SourceQuality "1"]

1. e4 c5 2. Nf3 d6 3. d4 cxd4 4. Nxd4 Nf6 5. Nc3 g6 6. f3 Bg7 7. Be3 0-0 8. Qd2 Re8 9. 0-0-0 Nc6 10. Nb3 Be6 11. Bh6 Bh8 12. h4 Ne5 13. Be2 Rc8 14. Kb1 Nc4 15. Bxc4 Rxc4 16. h5 Nxh5 17. Rxh5 Bxc3 18. bxc3 Qc7 19. Nd4 Rxc3 20. Nb5 Bxa2+ 21. Kc1 Rxc2+ 22. Qxc2 Qxc2+ 23. Kxc2 gxh5 24. Nxa7 Bc4 25. Rb1 Ba6 26. Kd2 f6 27. Rc1 Kf7 28. Rc8 Rxc8 29. Nxc8 h4 30. Ke3 b5 31. Nb6 b4 32. Na4 Ke6 33. Nb2 d5 34. Bf4 dxe4 35. fxe4 Kf7 36. Kf3 e5 37. Be3 Bf1 38. Bf2 h3 39. gxh3 Bxh3 40. Ke3 h5 41. Kd2 Kg6 42. Nd3 b3 43. Kc3 Bg2 44. Nc5 Kg5 45. Kxb3 h4 46. Kc3 h3 47. Bg3 Kg4 48. Bh2 Kf3 49. Nd7 Kxe4 50. Nxf6+ Kf5 51. Nd7 e4 52. Ne5 Bf1 53. Kd2 Bg2 54. Ke3 Ke6 55. Bg3 Kd5 56. Bh2 Kc5 57. Bg1 Kb4 58. Bh2 Kc3 59. Nd7 Kc2 60. Nc5 Kd1 1/2-1/2

[Event "FRA-chT U18"]
[Site "France"]
[Date "1996.??.??"]
[Round "4"]
[White "Delinotte, Mathieu"]
[Black "Riff, Jean Noel"]
[Result "1/2-1/2"]
[WhiteElo "1650"]
[BlackElo "2070"]
[PlyCount "84"]
[EventDate "1996.??.??"]
[EventType "team"]
[EventRounds "11"]
[EventCountry "FRA"]
[SourceTitle "EXT 2001"]
[Source "ChessBase"]
[SourceDate "2000.11.22"]
[SourceVersion "1"]
[SourceVersionDate "2000.11.22"]
[SourceQuality "1"]

1. e4 c5 2. Nf3 Nc6 3. d4 cxd4 4. Nxd4 Nf6 5. Nc3 e5 6. Ndb5 d6 7. Bg5 a6 8. Na3 b5 9. Nd5 Be7 10. Bxf6 Bxf6 11. c3 0-0 12. Nc2 Bg5 13. a4 bxa4 14. Rxa4 a5 15. h4 Bh6 16. Bc4 Rb8 17. b3 Kh8 18. g4 g6 19. h5 Bg5 20. Qf3 Be6 21. Qh3 Qd7 22. f3 h6 23. Qf1 f5 24. gxf5 gxf5 25. exf5 Bxf5 26. Nce3 Be4 27. Be2 Rxb3 28. Rxe4 Rb1+ 29. Nd1 Rfb8 30. Bd3 Rc1 31. Qe2 Qa7 32. Ra4 Rb7 33. f4 exf4 34. Qe8+ Kg7 35. Qxc6 Re7+ 36. Re4 Rf7 37. Qxd6 f3 38. Qe5+ Kg8 39. Qd4 Qxd4 40. cxd4 f2+ 41. Ke2 f1Q+ 42. Rxf1 Rxf1 1/2-1/2